produits de 3 nombres à 1 chiffres - Statistiques

Statistiques générales
  • Ce quiz a été pris 46 fois
    45 depuis la dernière actualisation
  • Le résultat moyen est 30 sur 76
Statistiques - réponses
produit à 3 chiffres résultat % Correct
4x5x5 100
100%
3x4x7 84
97%
3x4x9 108
92%
3x4x4 48
92%
5x7x8 280
86%
5x5x9 225
81%
3x3x4 36
81%
3x3x5 45
81%
5x5x8 200
78%
6x6x9 324
78%
3x3x9 81
78%
5x5x6 150
73%
4x6x8 192
73%
4x7x7 196
73%
5x6x8 240
73%
4x8x8 256
73%
4x8x9 288
73%
5x5x7 175
70%
3x3x8 72
70%
3x5x5 75
70%
3x5x6 90
70%
5x6x7 210
65%
5x7x7 245
65%
4x5x8 160
62%
4x4x8 128
59%
3x4x5 60
57%
6x7x8 336
54%
3x5x8 120
51%
5x6x9 270
51%
6x7x9 378
46%
4x4x5 80
46%
3x3x7 63
43%
3x7x9 189
38%
6x8x8 384
38%
4x6x7 168
30%
7x8x8 448
30%
3x3x6 54
30%
4x5x7 140
24%
8x8x9 576
24%
4x5x9 180
22%
3x8x8 192
22%
5x9x9 405
22%
3x4x6 72
22%
4x4x6 96
22%
3x5x7 105
19%
4x4x7 112
19%
4x5x6 120
19%
3x5x9 135
19%
3x6x8 144
19%
3x7x7 147
19%
4x6x9 216
19%
3x9x9 243
19%
5x8x8 320
19%
3x6x6 108
16%
3x6x7 126
16%
3x7x8 168
16%
5x6x6 180
16%
5x7x9 315
16%
4x9x9 324
16%
5x8x9 360
16%
3x4x8 96
16%
4x4x9 144
14%
4x6x6 144
14%
3x8x9 216
14%
4x7x9 252
14%
6x8x9 432
14%
7x9x9 567
14%
3x6x9 162
11%
7x7x9 441
11%
4x7x8 224
8%
6x6x7 252
8%
6x6x8 288
8%
6x7x7 294
8%
7x7x8 392
8%
7x8x9 504
8%
8x9x9 648
8%
Aucun quiz correspondant
Distribution des résultats
% des personnes avec chaque résultat
Percentile par nombre de réponses
Votre historique - résultats
Vous n’avez pas pris ce quiz depuis la dernière actualisation